| 000 -LEADER |
| fixed length control field |
01498nam a22002177a 4500 |
| 003 - CONTROL NUMBER IDENTIFIER |
| control field |
OSt |
| 005 - DATE AND TIME OF LATEST TRANSACTION |
| control field |
20260122195041.0 |
| 008 - FIXED-LENGTH DATA ELEMENTS--GENERAL INFORMATION |
| fixed length control field |
230403b ||||| |||| 00| 0 eng d |
| 040 ## - CATALOGING SOURCE |
| Transcribing agency |
Ost |
| 041 ## - LANGUAGE CODE |
| Language code of text/sound track or separate title |
Shan |
| 082 ## - DEWEY DECIMAL CLASSIFICATION NUMBER |
| Classification number |
294.34433 |
| 245 ## - TITLE STATEMENT |
| Title |
ၽိုၼ်လၵ်ႈၵႂၢမ်းဝႆႈၽြႃးၵၢင်ၼႂ်ဝတ်ႉၽထၢတ်ႈတွၼ်းႁိူင်းမိူင်းၽူင်း။ |
| Remainder of title |
သိူၵ်ႈပိုၼ်းၵႅပ်ႈဝိႁၢရ်ဢွင်ႇမျေႇၽုင်ႇသႃႇၵျွင်းတႆးၵဝ်ႈလၵ်းဝဵင်းတႃႈၵုင်ႈ၊ မႆးၵိုမ်းပီၵွၼ်းၶမ်းပွႆးဝၼ်းၵိူတ်ႇသြႃႃႇၸဝ်ႈတူၼ်ၶူးလူင်ၽတ်ႉတၼ်ႇတသုၼ်ႇတရဢႃႇယုၸဝ်ႈထူၼ်ႈ (50) ပီ |
| Statement of responsibility, etc. |
ၸဝ်ႈသြႃႇဝႃႇယႃႇမမိူင်းၵၢဝ်၊ တၢင်ႉယၢၼ်း ၵဵပ်းႁွမ်- |
| 260 ## - PUBLICATION, DISTRIBUTION, ETC. |
| Date of publication, distribution, etc. |
2001 |
| 500 ## - GENERAL NOTE |
| General note |
S-SAT: Dr. Prof Sai Aung Tun |
|
| General note |
ပပ်ႉၸဝ်ႈတႃႇၼႁင်းၶေႃ တွၵ်ႉတိူဝ်ႇၸၢႆးဢွင်ႇထုၼ်း |
| 650 ## - SUBJECT ADDED ENTRY--TOPICAL TERM |
| Topical term or geographic name entry element |
ထမ်းဝႆႈၽြႃး |
|
| Topical term or geographic name entry element |
ၵျွင်းတႆးၵဝ်ႈလၵ်း-မိူင်းမျၢၼ်ႇမႃႇ |
| 942 ## - ADDED ENTRY ELEMENTS (KOHA) |
| Koha item type |
Book (Short term) |
| 650 ## - SUBJECT ADDED ENTRY--TOPICAL TERM |
| 9 (RLIN) |
20673 |
|
| 9 (RLIN) |
22705 |
|
| Source of classification or shelving scheme |
|
|
| Source of classification or shelving scheme |
|